ARRUPE JESUIT UNIVERSITY

CORONAVIRUS -STOP THE SPREAD - CLEAN,DISINFECT,COVER

Introduction to African politics: a continental approach (Record no. 131431)

MARC details
000 -LEADER
fixed length control field 00865cam a2200277 4500
001 - CONTROL NUMBER
control field 1814263
003 - CONTROL NUMBER IDENTIFIER
control field ARRUPE
005 - DATE AND TIME OF LATEST TRANSACTION
control field 20220517090313.0
008 - FIXED-LENGTH DATA ELEMENTS--GENERAL INFORMATION
fixed length control field 740208s1974 nyub b 001 0 eng
010 ## - LIBRARY OF CONGRESS CONTROL NUMBER
LC control number 79149969
020 ## - INTERNATIONAL STANDARD BOOK NUMBER
International Standard Book Number 0275331606
-- 0275846007 (pbk.)
040 ## - CATALOGING SOURCE
Original cataloging agency DLC
Transcribing agency DLC
Modifying agency DLC
043 ## - GEOGRAPHIC AREA CODE
Geographic area code f------
050 00 - LIBRARY OF CONGRESS CALL NUMBER
Classification number JQ1872
Item number .R8
082 00 - DEWEY DECIMAL CLASSIFICATION NUMBER
Classification number 320.9/6/03
300 ## - PHYSICAL DESCRIPTION
Other physical details map.
Dimensions 24 cm.
100 1# - MAIN ENTRY--PERSONAL NAME
Personal name Rubin, Leslie.
9 (RLIN) 51599
245 10 - TITLE STATEMENT
Title Introduction to African politics: a continental approach
Statement of responsibility, etc [by] Leslie Rubin and Brian Weinstein.
260 ## - PUBLICATION, DISTRIBUTION, ETC. (IMPRINT)
Place of publication, distribution, etc New York,
Name of publisher, distributor, etc Praeger
Date of publication, distribution, etc [1974]
300 ## - PHYSICAL DESCRIPTION
Extent x, 326 p.
504 ## - BIBLIOGRAPHY, ETC. NOTE
Bibliography, etc Bibliography: p. 307-318.
651 #0 - SUBJECT ADDED ENTRY--GEOGRAPHIC NAME
Geographic name Africa
General subdivision Politics and government.
700 1# - ADDED ENTRY--PERSONAL NAME
Personal name Weinstein, Brian,
Relator term joint author.
9 (RLIN) 51600
740 ## - ADDED ENTRY--UNCONTROLLED RELATED/ANALYTICAL TITLE
Uncontrolled related/analytical title African politics.
906 ## - LOCAL DATA ELEMENT F, LDF (RLIN)
a 7
b cbc
c orignew
d 1
e ncip
f 19
g y-gencatlg
942 ## - ADDED ENTRY ELEMENTS (KOHA)
Source of classification or shelving scheme Library of Congress Classification
Koha item type Monograph ( Printed materials)
Holdings
Withdrawn status Lost status Source of classification or shelving scheme Damaged status Not for loan Collection code Home library Current library Shelving location Date acquired Total Checkouts Full call number Barcode Date last seen Price effective from Koha item type
    Library of Congress Classification     Main Collection ARRUPE LIBRARY ARRUPE LIBRARY Main Collection 17/05/2022   JQ1872 .R8 46600008521 17/05/2022 17/05/2022 Monograph ( Printed materials)

 

Arrupe Library. PO Box MP320 Mt Pleasant, Harare, Zimbabwe
263 242 745411|librarian@aju.ac.zw